| 000 | 00772nam a2200229Ia 4500 | ||
|---|---|---|---|
| 003 | GCL | ||
| 008 | 140319s9999 xx 000 0 ara d | ||
| 040 |
_aGCL / _cGCL |
||
| 082 | 0 | 4 |
_a658.562 _bب ر |
| 100 | 1 | _aعبدالله بن عبدالله العبيد | |
| 245 | 1 | 0 |
_aالرقابة على الجودة / _cعبدالله بن عبدالله العبيد |
| 700 | 1 | _aسرور على ابراهيم سرور | |
| 700 | 1 | _aبسترفيلد دال | |
| 260 |
_aالقاهرة : _bالمكتبة الاكاديمية ، _c1995 |
||
| 300 |
_a695 ص ؛ _c24 سم |
||
| 490 | _a | ||
| 650 | 0 | 4 | _aجودة الانتاج |
| 650 | 0 | 4 | _aالرقابة الصناعية |
| 650 | 0 | 4 | _aضبط الجودة |
| 650 | 0 | 4 | _aمراقبة الانتاج |
| 942 |
_2ddc _cBK |
||
| 999 |
_c36880 _d36880 |
||